Housing market recessions and sustainable home-ownership (Record no. 108522)
[ view plain ]
| 000 -LEADER | |
|---|---|
| fixed length control field | 01226cad a22002655a 4500 |
| 001 - CONTROL NUMBER | |
| control field | L144476 |
| 008 - FIXED-LENGTH DATA ELEMENTS--GENERAL INFORMATION | |
| fixed length control field | 080722s2008 xxks f 000 0 eng d |
| 035 ## - SYSTEM CONTROL NUMBER | |
| System control number | (Sirsi) u144476 |
| 041 0# - LANGUAGE CODE | |
| Language code of text/sound track or separate title | eng |
| 050 04 - LIBRARY OF CONGRESS CALL NUMBER | |
| Classification number | 306.1 $2 18 |
| 100 1# - MAIN ENTRY--PERSONAL NAME | |
| Personal name | Ford, Janet |
| 245 00 - TITLE STATEMENT | |
| Title | Housing market recessions and sustainable home-ownership |
| Medium | [electronic resource] |
| 260 ## - PUBLICATION, DISTRIBUTION, ETC. | |
| Place of publication, distribution, etc. | York |
| Name of publisher, distributor, etc. | JRF |
| Date of publication, distribution, etc. | 2008 |
| 520 ## - SUMMARY, ETC. | |
| Summary, etc. | Considers how the government could respond to housing market recessions in the short term and what longer-term measures it might take to promote sustainability throughout the housing market cycle. The authors ask what lessons can be learned from past experiences that could help to inform stakeholders during the current period of instability. |
| 521 ## - TARGET AUDIENCE NOTE | |
| Target audience note | Advanced |
| 651 #4 - SUBJECT ADDED ENTRY--GEOGRAPHIC NAME | |
| Geographic name | England and Wales |
| Chronological subdivision | 1543- |
| 690 ## - LOCAL SUBJECT ADDED ENTRY--TOPICAL TERM (OCLC, RLIN) | |
| Topical term or geographic name as entry element | PROPERTY-RESIDENTIAL PROPERTY-RESIDENTIAL PROPERTY MARKET |
| 690 ## - LOCAL SUBJECT ADDED ENTRY--TOPICAL TERM (OCLC, RLIN) | |
| Topical term or geographic name as entry element | ENVIRONMENTAL AND LAND CONSULTANCY-SUSTAINABILITY-SUSTAINABLE DEVELOPMENT |
| 700 1# - ADDED ENTRY--PERSONAL NAME | |
| Personal name | Spencer, Peter |
| 700 1# - ADDED ENTRY--PERSONAL NAME | |
| Personal name | Stephens, Mark |
| 700 1# - ADDED ENTRY--PERSONAL NAME | |
| Personal name | Wallace, Alison |
| 700 1# - ADDED ENTRY--PERSONAL NAME | |
| Personal name | Williams, Peter |
| 856 40 - ELECTRONIC LOCATION AND ACCESS | |
| Uniform Resource Identifier | <a href="https://www.jrf.org.uk/knowledge/findings/housing/2254.asp">https://www.jrf.org.uk/knowledge/findings/housing/2254.asp</a> |
| Public note | View the item free of charge at www.jrf.org.uk... |
| 942 ## - ADDED ENTRY ELEMENTS (KOHA) | |
| Suppress in OPAC | 0 |
| Withdrawn status | Lost status | Source of classification or shelving scheme | Damaged status | Not for loan | Home library | Current library | Shelving location | Date acquired | Total Checkouts | Full call number | Barcode | Date last seen | Copy number | Price effective from | Koha item type |
|---|---|---|---|---|---|---|---|---|---|---|---|---|---|---|---|
| Dewey Decimal Classification | Virtual | Virtual | Online | 22/07/2008 | L144476 | 144476-1001 | 06/08/2019 | 1 | 06/08/2019 | Book |